Paroles "L'un des nôtres" - Le roi lion 2 (Disney) - Statistiques

Statistiques générales
  • Ce quiz a été pris 778 fois
  • Le résultat moyen est 105 sur 136
Statistiques - réponses
Paroles % Correct
de
97%
Il
97%
il
97%
sa
97%
est
96%
ne
96%
Disgrâce
95%
Trahison
95%
du
94%
n'est
94%
sur
94%
Les
93%
mal
93%
des
92%
marqué
92%
nôtres
91%
L'esprit
90%
pas
90%
face
89%
jamais
89%
que
89%
depuis
88%
naissance
88%
l'un
87%
L'un
87%
nous
87%
Nous
87%
sera
87%
nuisance
85%
comme
81%
peut
76%
Et
73%
loin
69%
son
69%
vie
69%
changer
68%
d'ici
67%
s'enfuit
65%
Mais
64%
outrage
63%
Quel
61%
La
60%
n'oubliez
60%
Lion
59%
Car
58%
violence
58%
avons
57%
compris
56%
pouvons
55%
C'est
53%
ignominie
52%
pardonner
52%
maudit
51%
proscrit
51%
finie
50%
faute
48%
pourquoi
47%
malheur
35%
en
24%
qu'un
24%
étranger
21%
chercher
17%
donc
15%
menteur
15%
retraite
14%
traîtres
14%
battent
12%
méprise
10%
Laisse-nous
8%
tranquilles
8%
pénitence
7%
Aucun quiz correspondant
Distribution des résultats
% des personnes avec chaque résultat
Percentile par nombre de réponses
Votre historique - résultats
Vous n’avez pas pris ce quiz